000 02093nam0a2200385 4500
001 RU\NLR\bibl\1002424
005 20260405121437.0
010 _a5-9632-0026-1
_9300
021 _aRU
_b2006-57245
_92832
035 _a(nilc)RSL-KNO-002947106
035 _a(NLR Aleph) 000990125
090 _a513577
_c513577
100 _a20060926d2006 |||y0rusy50 ca
101 0 _arus
102 _aRU
105 _aa |||||||||
106 _ar
200 1 _aЛичность осужденного: социальная и психологическая работа с различными категориями лиц, отбывающих наказание
_eучеб.-методическое пособие
_fА.И. Мокрецов, В.В. Новиков
_gФедеральная служба исполнения наказаний, Науч.-исслед. ин-т
210 _aМосква
_cНИИ ФСИН России
_d2006
215 _a220 с.
_cил.
_d20
300 _aНа обл. авт. не указаны
320 _aБиблиогр.: с. 217-219 (60 назв.) и в подстроч. прим.
606 1 _aОсужденные
_jУчебно-методические пособия
_xПсихологические исследования
_91113623
_3RU\NLR\auth\66440225
610 0 _aГосударство и право. Юридические науки -- Криминология -- Российская Федерация -- Правовое положение осужденных -- Пособие для специалистов
686 _aХ628.403,07
_2rubbk
686 _aХ628.33я7
686 _aЮ947.3я7
700 1 _4070
_8rus
_7ca
_aМокрецов
_bА. И.
_f1948-2009
_gАлександр Иванович
_3RU\NLR\auth\7747458
_930393
701 1 _4070
_8rus
_7ca
_aНовиков
_bВ. В.
_cпсихолог
_gВячеслав Владимирович
_3RU\NLR\auth\7747459
_930394
801 0 _aRU
_bРКП
_c20060926
_grcr
801 1 _aRU
_bРГБ
_c20060926
801 2 _aRU
_bNLR
_c20061030
_grcr
942 _cBOOK
980 _aNB